LIBRARY & INFORMATION CENTRE, KCAET, TAVANUR

ONLINE PUBLIC ACCESS CATALOGUE (OPAC)

Bhasha Gadya sahithya charithram / (Record no. 12889)

MARC details
000 -LEADER
fixed length control field 00364cam a2200145ua 4500
003 - CONTROL NUMBER IDENTIFIER
control field OSt
008 - FIXED-LENGTH DATA ELEMENTS--GENERAL INFORMATION
fixed length control field 200604b ||||| |||| 00| 0 eng d
082 ## - DEWEY DECIMAL CLASSIFICATION NUMBER
Classification number 894.812809
Item number CHU/BH
100 ## - MAIN ENTRY--AUTHOR NAME
Personal name Chummar, T M .
245 ## - TITLE STATEMENT
Title Bhasha Gadya sahithya charithram /
250 ## - EDITION STATEMENT
Edition statement 1 /
260 ## - PUBLICATION, DISTRIBUTION, ETC. (IMPRINT)
Place of publication Trivandrum :
Name of publisher Chummar T M ,
Year of publication 1964.
300 ## - PHYSICAL DESCRIPTION
Number of Pages ; .
942 ## - ADDED ENTRY ELEMENTS (KOHA)
Koha item type Books
Holdings
Withdrawn status Lost status Damaged status Home library Current library Date acquired Cost, normal purchase price Full call number Accession Number Koha item type
Withdrawn Lost and Paid For   KAUAET KAUAET 07/04/2012 10.00 894.812809 8382 Books
free website counter